LEADER 02432nam0 22005053i 450 001 SBL0156509 005 20251003044350.0 020 $aIT$b784998 100 $a20100224d1976 ||||0itac50 ba 101 | $aita$ceng 102 $ait 181 1$6z01$ai $bxxxe 182 1$6z01$an 183 1$6z01$anc$2RDAcarrier 200 1 $aNavi e marinai dell'antichita$fLionel Casson 210 $aMilano$cMursia$d1976 215 $a261 p., [8] carte di tav.$cill.$d22 cm 225 | $aBiblioteca del mare$v145$i. Uomini e navi di tutti i tempi$v14 300 $aTraduzione di C. Boero Piga. 410 0$1001CFI0016037$12001 $aBiblioteca del mare$i. Uomini e navi di tutti i tempi$v14 500 10$aˆThe ‰ancient mariners$3SBL0156510$9RAVV052722$915224 606 $aViaggi per mare$xAntichità$2FIR$3SBLC040609$9E 606 $aNavi$xAntichità$2FIR$3SBLC040610$9I 676 $a813.54$9NARRATIVA AMERICANA IN LINGUA INGLESE. 1945-$v11 676 $a910.4$9RESOCONTI DI VIAGGI$v12 676 $a910.45$9VIAGGI PER MARE$v18 676 $a910.45$9VIAGGI OCEANICI E VITA A BORDO$v19 676 $a910.45$9VIAGGI E AVVENTURE DI MARE$v20 676 $a910.45$9NARRAZIONI DI VIAGGI E AVVENTURE DI MARE$v21 686 $aU$cOpere varie$2ACQ 696 $aViaggi di mare$aViaggi marittimi 699 $aViaggi per mare$yViaggi di mare 699 $aViaggi per mare$yViaggi marittimi 700 1$aCasson$b, Lionel$3RAVV052722$4070$0156183 702 1$aBoero Piga$b, Clelia$3SBLV091709$4730 801 3$aIT$bIT-000000$c20100224 850 $aIT-BN0095 $aIT-NA0243 901 $bNAP 67$cSALA B $nComprende monografie di vario argomento 901 $bNAP 01$cPOZZO LIB.$nVi sono collocati fondi di economia, periodici di ingegneria e scienze, periodici di economia e statistica e altri fondi comprendenti documenti di economia pervenuti in dono. 912 $aSBL0156509 950 0$aBiblioteca Centralizzata di Ateneo$c1 v.$d 01POZZO LIB.ECON MON 9754$e 0101 0000099215E VMA 1 v. (precedente collocazione: GUERRAZZI A 196)$fB $h20080418$i20080418 950 0$aCentro Librario e Bibliotecario per la Diffusione della cultura$d 67SALA B B VI 15$e 67 0000115225 VMA A4 1 v.$fA $h20130313$i20130313 977 $a 01$a 67 996 $aAncient mariners$915224 997 $aUNISANNIO LEADER 03317nam2 22007213i 450 001 UFI0444542 005 20251003044429.0 010 $a884206176X 010 $a8842062847 020 $aIT$b2002-8851 100 $a20160128d2000 ||||0itac50 ba 101 | $aita 102 $ait 181 1$6z01$ai $bxxxe 182 1$6z01$an 183 1$6z01$anc$2RDAcarrier 200 1 $aˆ3.[2]: Il ‰valore aggiunto per gli anni 1891, 1938, 1951$fa cura di Guido M. Rey$gscritti di Giovanni Federico ... [et al.! 210 $aRoma$aBari$cLaterza$d2000 215 $aXII, 377 p.$ctab.$d21 cm. 225 | $aCollana storica della Banca d'Italia.$i Serie Statistiche storiche$v1 410 0$1001CFI0170723$12001 $aCollana storica della Banca d'Italia.$i Serie Statistiche storiche$v1$171202$aBanca d'Italia$3CFIV021176 461 1$1001CFI0170721$12001 $aˆI ‰conti economici dell'Italia$v3.2 606 $aItalia$xEconomia$xSec. 20.$2FIR$3CFIC102966$9E 606 $aContabilita nazionale$xItalia$x1891-1951$xStatistica$2FIR$3LO1C237287$9I 606 $aEconomia$xItalia$x1891$2FIR$3LO1C333445$9I 606 $aEconomia$xItalia$x1938$2FIR$3LO1C333448$9I 606 $aEconomia$xItalia$x1951$2FIR$3LO1C333449$9I 676 $a339.345$9$v12 676 $a339.345$9CONTI E CONTABILITÀ DEL PRODOTTO, DELLA RICCHEZZA, DEL REDDITO NAZIONALE. Italia$v21 686 $aIT/X422.6$cPOLITICA ECONOMICA ITALIA$2R 686 $aIT/X430.7$cFONTI STATISTICHE ITALIA$2R 686 $aIT/X437.6$cCENSIMENTI ITALIA$2R 696 $aEconomia reale$aAttività economiche$aAspetti economici 696 $aScienze statistiche 696 $aEconomia reale$aAttività economiche$aAspetti economici 696 $aEconomia reale$aAttività economiche$aAspetti economici 696 $aEconomia reale$aAttività economiche$aAspetti economici 699 $aEconomia$yEconomia reale 699 $aEconomia$zAttività economiche 699 $aEconomia$zAspetti economici 699 $aStatistica$yScienze statistiche 699 $aEconomia$yEconomia reale 699 $aEconomia$zAttività economiche 699 $aEconomia$zAspetti economici 699 $aEconomia$yEconomia reale 699 $aEconomia$zAttività economiche 699 $aEconomia$zAspetti economici 699 $aEconomia$yEconomia reale 699 $aEconomia$zAttività economiche 699 $aEconomia$zAspetti economici 702 1$aRey$b, Guido M.$3CFIV052834 702 1$aFederico$b, Giovanni$f <1954- >$3CFIV195963 790 1$aRey$b, Guido Mario$3SBNV059064$zRey, Guido M. 790 1$aRey$b, Guido Maria$3TO0V157011$zRey, Guido M. 801 3$aIT$bIT-000000$c20160128 850 $aIT-BN0095 $aIT-SA0060 $aIT-CE0011 $aIT-AV0011 $aIT-AV0007 $aIT-NA0079 $aIT-NA0120 901 $bNAP 27$cSALA $n$ 901 $bNAP BN$cCAU $n$ 912 $aUFI0444542 950 2$aBiblioteca Centralizzata di Ateneo$cv. 2-3 (v. 3 in 2 tomi)$d 01POZZO LIB.ECON MON 2692$e 0101 0000184875E VMA (3.2 v. 3 (tomo 2; 21 cm.)$fB $h20090611$i20090611 977 $a 01$a 27$a AC$a AH$a AV$a BN$a CR 996 $aValore aggiunto per gli anni 1891, 1938, 1951$970042 997 $aUNISANNIO